000 00565nam a22001457a 4500
005 20241214093833.0
008 240925b ||||| |||| 00| 0 eng d
082 _2DPer050 M72 January-March 2018 v. 66 no. 8-10
100 _aBlancaver, Paul Jowen R.
_eauthor.
_961652
245 _aMasbate's most wanted :
_ba standard orthography /
_cPaul Jowen R. Blancaver.
260 _aPhilippines;
_bPublishers Association of the Philippines, Inc.,
_cAugust 2018.
300 _aVolume 66, pages 90.
700 _aBlancaver, Paul Jowen R.
_eauthor.
_961652
942 _2ddc
_cPER
999 _c21867
_d21867